Energía espiritual del sufrimiento / (Registro nro. 129076)

Detalles MARC
000 -LEADER
campo de control de longitud fija 00677nam a2200205 i 4500
001 - NÚMERO DE CONTROL
campo de control 129076
003 - IDENTIFICADOR DE NÚMERO DE CONTROL
campo de control ES-MaACL
005 - FECHA Y HORA DE LA ÚLTIMA TRANSACCIÓN
campo de control 20230906193431.0
007 - CAMPO FIJO DE DESCRIPCIÓN FÍSICA--INFORMACIÓN GENERAL
campo de control de longitud fija t|
008 - DATOS DE LONGITUD FIJA--INFORMACIÓN GENERAL
campo de control de longitud fija 070605s1963 sp ||||1| spa d
100 1# - ENTRADA PRINCIPAL--NOMBRE DE PERSONA
Nombre de persona Teilhard de Chardin, Margarita María.
9 (RLIN) 109520
245 10 - MENCIÓN DEL TÍTULO
Título Energía espiritual del sufrimiento /
Mención de responsabilidad, etc. Margarita María Teilhard de Chardin ; traducción al castellano a cargo de Ana Salles Bonastre.
260 ## - PUBLICACIÓN, DISTRIBUCIÓN, ETC.
Lugar de publicación, distribución, etc. Barcelona :
Nombre del editor, distribuidor, etc. Fontanella,
Fecha de publicación, distribución, etc. 1963.
300 ## - DESCRIPCIÓN FÍSICA
Extensión 215 p. ;
Dimensiones 19 cm.
490 1# - MENCIÓN DE SERIE
Mención de serie De Espiritu
700 1# - ENTRADA AGREGADA--NOMBRE PERSONAL
Nombre de persona Salles Bonastre, Ana.
9 (RLIN) 101981
830 0# - PUNTO DE ACCESO ADICIONAL DE SERIE-TÍTULO UNIFORME
Título uniforme De Espiritu
9 (RLIN) 219319
852 ## - LOCALIZACIÓN
Ubicación ES-MaACL
Número de control de estantería C-23269
Sublocalización o colección R.51842
Existencias
Estatus retirado Estado de pérdida Estado de daño No para préstamo Biblioteca de origen Biblioteca actual Ubicación en estantería Fecha de adquisición Fuente de adquisición Total de préstamos Signatura topográfica completa Código de barras Visto por última vez Precio de reemplazo Tipo de ítem Koha
        Biblioteca del Ateneo de Madrid Biblioteca del Ateneo de Madrid Depósito 2 17/01/2008     C-23269 1134417 23/02/2023 23/02/2023 Libro impreso